| 000 | 00961nmm a2200277 a 4500 | ||
|---|---|---|---|
| 001 | ocm0001411486 | ||
| 003 | TR-IsHL | ||
| 005 | 20201028163559.0 | ||
| 008 | 160220s2011 tu tur | ||
| 007 | cr cn | ||
| 020 | _a9789756680889 | ||
| 035 |
_a1411486 _b(N$T) |
||
| 050 | 0 | 4 |
_aBP161.2 _bA83 2011 |
| 090 | 0 | 4 |
_aBP161.2 _bA83 2011 |
| 100 | 1 | _aAtaman, Sırrı | |
| 245 | 1 | 0 |
_aUnutturulan ayetler: Turan Dursun - Süleyman Ateş tartışması _h[electronic resource] / _cSırrı Ataman |
| 250 | _a2. basım | ||
| 260 |
_aİstanbul : _bBerfin, _c2011 |
||
| 300 | _a152 p. | ||
| 650 | 4 | _aFelsefe, Psikoloji ve Din | |
| 650 | 4 | _aPhilosophy, Psychology and Religion | |
| 650 | 0 |
_aKuran-ı Kerim _x Ayetler _x Yorum ve tartışmalar |
|
| 650 | 0 |
_aQuran _x Verses _x Reviews and discussion |
|
| 650 | 7 |
_aRELIGION / Islam / General _2bisacsh |
|
| 856 | 4 | 0 | _uhttp://search.ebscohost.com/login.aspx?direct=true&scope=site&db=e011xww&AN=1411486 |
| 999 |
_c15389 _d15389 |
||